000 00541nam a2200205 a 4500
001 14783
003 CO-ViMGA
008 141112s2004 ck r 000 u spa d
020 _a8434861386
040 _aCO-ViMGA
_bspa
_cCO-ViMGA
082 0 4 _aVOIp
100 1 _aVoigt, Cynthia
_921474
245 1 0 _aPero que chicas tan malas!
260 _aMadrĂ­d (E)S.M.1998
300 _a253.P.
490 _aEl barco de vapor
650 1 4 _aLITERATURA JUVENIL ESTADOUNIDENSE
_92065
650 1 4 _aNOVELA JUVENIL ESTADOUNIDENSE
_92066
942 _2ddc
_cBK
999 _c25276
_d25276